LEADER 01156nam a2200265 i 4500 001 000000152426 003 CaOOAMICUS 005 20070614000000.0 008 070614s2007 it u000 u ita u 013 $a129767 020 $a88-7969-223-2 040 $aSeMil$bita 100 1 $aPetruzzi, Paolo <1954->.$0(OLS)http://semarc/name/26581 245 10$aLeopardi e il libro sacro :$bmemoria biblica e nichilismo /$cPaolo Petruzzi. 260 $aFermo :$bAndrea Livi,$ccopyr. 2007. 300 $a246 p. ;$c25 cm. 500 $aContiene : Bibliografia. 650 4$aLeopardi, Giacomo <1798-1837> - Nichilismo.$0(OLS)http://semarc/subject/29758 650 4$aLeopardi, Giacomo <1798-1837> - Influssi biblici.$0(OLS)http://semarc/subject/29759 850 $aSeMil 852 $aSeMil$W1$xVenegono$y1$m1O VI 23$j104385$B104385$CSeMilBibl$Z2$F113518 $81 961 $aOmaggio per recensione: Scuola Cattolica 996 $6020$a88-7969-223-2$9(OLS)http://semarc/number/142120 996 $6245$aLeopardi e il libro sacro :$bmemoria biblica e nichilismo$9(OLS)http://semarc/title/222873 996 $6260$aFermo :$bAndrea Livi$9(OLS)http://semarc/publisher/48025 LEADER 00749nam a2200205 i 4500 001 000000068432 003 CaOOAMICUS 005 20131118000000.0 008 131118s1829 xx u000 u fre u 013 $a39604 026 $arde. u-ui q.la neti (3) 1829 (A) 040 $aSeMil$bita 245 10$aTome 1. 300 $axxvij, [1], 392 p. 773 0 $aCousin, Victor <1792-1867>$tManuel de l'histoire de la philosophie, traduit de l'allemand de Tennemann, par V. Cousin. Tome 1. [-2.].$dParis : Pichon et Didier, 1829.$g1$w()12079 850 $aSeMil 852 $aSeMil$W1$xVenegono$y1$m2O III 57 FA$j34585$B34585$CSeMilBibl$Z2$F34588 $8I 941 1 $a10 961 $aRecupero: Mantegazza 996 $6245$aTome 1$9(OLS)http://semarc/title/1447